000 00662nam a2200241Ia 4500
003 OSt
005 20220924114830.0
006 a|||||r|||| 00| 0
007 ta
008 220923b |||||||| |||| 00| 0 ara d
024 _a335590
037 _cTextual
040 _aARTS
_cARTS
_bara
041 _2ara
_aara
082 _aO28xH88, K5
100 _aMuhammad Shahabuddin Au.
_9175620
245 0 _aAl-mustaraf fi kull-i-fun
260 _aCairo
_bMaktaba wa matbata Egypt
_c1965
300 _a305p.
_ccm.
650 _aARABIC LITERATURE
942 _hO28xH88, K5
_cTEXL
_2CC
999 _c395526
_d395526